000 01534nam a2200253Ia 4500
001 18003
003 GE_BSU
008 181216s||||||||xx |||||||||||||| ||und||
010 _a9789941465161
040 _cGE_BSU
080 _a94(479.22)"1924"(063)
245 _a1924 წლის აგვისტოს ეროვნული აჯანყების 90-ე წლისთავი
245 _b2014 წლის 15 და 16 ოქტომბრის კონფერენცია
245 _cსარედ:კოლეგ.ქრისტინე ფაღავა-ბულეზ,შარლ ურევიჩი,დიმიტრი შველიძე,ოთარ ჯანელიძე
260 _aპარიზი-თბილისი
260 _bშპს ,,მწიგნობარის "სტამბა
260 _c2016
300 _a278გვ;20სმ.
653 _a1924 წლის აგვისტოს ეროვნული აჯანყების 90-ე წლისთავი
653 _a2014 წლის 15 და 16 ოქტომბრის კონფერენცია
653 _aისტორია(კონფერენციის მასალები)
653 _aკრებულში შევსებულია ფორუმებზე წაკითხული ქართველი და უცხოელი მეცნიერების მოხსენებები.
942 _cBK
999 _c51046
_d51046